Trios #1 - Sudden Death - Statistics

General Stats
  • This quiz has been taken 9,279 times
  • The average score is 4 of 9
Answers on the Grid
Answers color-coded by a green-red scale on the quiz's grid according to % correct below.
Goofy
Snoopy
Pluto
Witch
Scavenger
Duck
Arnold Palmer
Shirley Temple
Bloody Mary
Mercury
Iron Giant
Henry VII
Goblin
Woodstock
Joe Camel
 
Answer Stats
Answer % Correct
Cartoon Dogs Pluto
73%
Cartoon Dogs Goofy
72%
Cartoon Dogs Snoopy
63%
Cocktail/Name Bloody Mary
60%
Cocktail/Name Shirley Temple
57%
Cocktail/Name Arnold Palmer
47%
____ Hunt Duck
34%
____ Hunt Witch
26%
____ Hunt Scavenger
16%
No matching quizzes found
Score Distribution
Percent of People with Each Score
Percentile by Number Answered
Your Score History
You have not taken this quiz